Normal view
MARC view
Entry Topical Term
001 - CONTROL NUMBER
- control field: 8410
003 - CONTROL NUMBER IDENTIFIER
- control field: OSt
005 - DATE AND TIME OF LATEST TRANSACTION
- control field: 20160502145519.0
008 - FIXED-LENGTH DATA ELEMENTS
- fixed length control field: 160502|| aca||aabn | a|a d
040 ## - CATALOGING SOURCE
- Original cataloging agency: OSt
- Transcribing agency: OSt
150 ## - HEADING--TOPICAL TERM
- Topical term or geographic name entry element: Nonrelativistic quantum mechanics.
670 ## - SOURCE DATA FOUND
- Source citation: Work cat.: (OSt)3835: Landau, L. D. , 7959, Quantum mechanics :, 1977.
